[Event "Montreal Mercredi 10"]
[Site "Montreal"]
[Date "2012.10.31"]
[Round "5"]
[White "Barko, Maxim"]
[Black "Dion, Etienne"]
[Result "0-1"]
[WhiteElo "1751"]
[BlackElo "1867"]
[PlyCount "98"]
[EventDate "2012.10.03"]
[EventType "swiss"]
[EventRounds "5"]
[EventCountry "CAN"]
[SourceTitle "EXT 2022"]
[Source "ChessBase"]
[SourceDate "2021.10.06"]
[SourceVersion "1"]
[SourceVersionDate "2021.10.06"]
[SourceQuality "1"]

1. e4 e5 2. Nf3 Nc6 3. Bb5 a6 4. Ba4 Nf6 5. 0-0 Be7 6. Re1 b5 7. Bb3 0-0 8. d3 d6 9. c3 Na5 10. Bc2 c5 11. Nbd2 Qc7 12. Nf1 Re8 13. Ng3 g6 14. Bg5 Nd7 15. Qd2 Nf8 16. a4 Be6 17. Ra3 b4 18. cxb4 cxb4 19. Qxb4 f6 20. Rc3 Nc6 21. Be3 d5 22. Qb6 Qxb6 23. Bxb6 Nb4 24. Bb1 d4 25. Rcc1 Nd7 26. Ba5 Rec8 27. Nd2 Nc6 28. b4 Nxa5 29. bxa5 Bb4 30. Ngf1 Bxa5 31. Red1 Nb6 32. Nc4 Nxc4 33. dxc4 Rc5 34. Ba2 Rac8 35. Nd2 Bxd2 36. Rxd2 Rb8 37. Rd3 Kf8 38. Rb3 Rxb3 39. Bxb3 Ke7 40. Kf1 Kd7 41. Ke2 Kc7 42. Kd3 Bd7 43. Ra1 Kb6 44. h4 f5 45. f3 f4 46. Rh1 Rc8 47. Rb1 Kc5 48. Bc2 Be6 49. Bb3 Rb8 0-1

[Event "Quebec op U1700"]
[Site "Montreal"]
[Date "2009.07.23"]
[Round "7"]
[White "Dion, Etienne"]
[Black "Boyer, Eric"]
[Result "1-0"]
[WhiteElo "1636"]
[BlackElo "1675"]
[PlyCount "71"]
[EventDate "2009.07.18"]
[EventType "swiss"]
[EventRounds "9"]
[EventCountry "CAN"]
[SourceTitle "EXT 2011"]
[Source "ChessBase"]
[SourceDate "2010.11.26"]
[SourceVersion "1"]
[SourceVersionDate "2010.11.26"]
[SourceQuality "1"]

1. e4 d5 2. exd5 Nf6 3. g3 Qxd5 4. Nf3 e5 5. Nc3 Qd6 6. Bg2 c6 7. 0-0 Bg4 8. h3 Bxf3 9. Qxf3 Nbd7 10. Re1 Be7 11. b4 0-0 12. b5 cxb5 13. Nxb5 Qb4 14. a4 e4 15. Qe2 Qa5 16. Bxe4 Nxe4 17. Qxe4 Bf6 18. d4 Rfe8 19. Qxe8+ Rxe8 20. Rxe8+ Nf8 21. Ba3 h6 22. Bxf8 Kh7 23. c3 a6 24. Bb4 Qb6 25. Bc5 Qa5 26. Nd6 Qxc3 27. Rb1 Bxd4 28. Bxd4 Qxd4 29. Nxf7 Qxa4 30. Rh8+ Kg6 31. Ne5+ Kf5 32. Re1 Qa3 33. Re3 Qc5 34. g4+ Kg5 35. f4+ Kh4 36. Ng6# 1-0